[Event "2nd Hampstead Under 2200 Congress November 2012"]
[Site "London, England"]
[Date "2012.11.24"]
[Round "2"]
[White "Jain,Gautam"]
[Black "Byrne,Ken"]
[Result "1-0"]
[WhiteElo "1677"]
[BlackElo "1100"]

1.e4 d6 2.Nc3 Nf6 3.Bc4 g6 4.f4 e5 5.Nf3 Bg4 6.fxe5 dxe5 7.Bxf7+ Kxf7 8.Nxe5+
Kg7 9.Nxg4 Qd6 10.e5 Qe6 11.Nxf6 Qxe5+ 12.Nfe4 Bb4 13.Qe2 Rf8 14.a3 Bxc3
15.Nxc3 Nc6 16.Qxe5+ Nxe5 17.d3 Rae8 18.Ne4 c5 19.Be3 b6 20.O-O-O c4 21.Bd4
Rf4 22.Rhf1 Rxf1 23.Rxf1 Kg8 24.Nf6+ {#r} 1-0

[Event "2nd Hampstead Under 2200 Congress November 2012"]
[Site "London, England"]
[Date "2012.11.24"]
[Round "3"]
[White "Muter,Donny"]
[Black "Atako,Chino"]
[Result "1/2-1/2"]
[WhiteElo "2199"]
[BlackElo "2110"]

1.d4 f5 2.Bg5 g6 3.Nd2 Bg7 4.e4 fxe4 5.Nxe4 d5 6.Ng3 Nh6 7.Qd2 Nf7 8.h4 Nc6
9.c3 Qd6 10.O-O-O Bd7 11.Nf3 O-O-O 12.Bf4 Qf6 13.Bg5 Nxg5 14.hxg5 Qf7 15.Bb5
e5 16.Kb1 e4 17.Bxc6 Bxc6 18.Ne5 Bxe5 19.dxe5 Qe7 20.Qd4 Qxg5 21.Qxa7 b6 22.e6
Qf6 23.Ne2 Qxe6 24.Nd4 Qd7 25.a4 Bb7 26.b4 Rdf8 27.Rd2 Rf6 28.Rc1 Rhf8 29.Rcc2
Qd6 30.Rb2 h5 31.b5 h4 32.a5 bxa5 33.Qxa5 Qc5 34.Qa4 g5 35.Qd1 Kd8 36.Qg4 e3
37.fxe3 Qxc3 38.Qxg5 Kc8 39.Qg4+ Kd8 40.Qxh4 Kc8 41.Qh3+ Kd8 {#d} 1/2-1/2

[Event "2nd Hampstead Under 2200 Congress November 2012"]
[Site "London, England"]
[Date "2012.11.24"]
[Round "3"]
[White "Warman,Simon"]
[Black "Lyell,Mark"]
[Result "0-1"]
[WhiteElo "2071"]
[BlackElo "2194"]

1.e4 e5 2.Nf3 Nc6 3.Bb5 f5 4.Nc3 fxe4 5.Nxe4 Nf6 6.d3 d5 7.Nxf6+ Qxf6 8.O-O
Bd6 9.Bg5 Qf5 10.Qd2 O-O 11.Rae1 Bd7 12.Re2 h6 13.Bh4 Qh5 14.Bxc6 bxc6 15.Bg3
Rxf3 16.gxf3 Bh3 17.Qe3 Bc5 18.d4 Bxd4 19.Qd3 Rf8 20.f4 e4 {#R} 0-1

[Event "2nd Hampstead Under 2200 Congress November 2012"]
[Site "London, England"]
[Date "2012.11.24"]
[Round "3"]
[White "Coates,David"]
[Black "Pattni,Kishan"]
[Result "1/2-1/2"]
[WhiteElo "2085"]
[BlackElo "1733"]

1.d4 f5 2.c4 e6 3.g3 Nf6 4.Bg2 Be7 5.Nf3 d6 6.O-O O-O 7.Nc3 Ne4 8.Nxe4 fxe4
9.Nd2 d5 10.f3 exf3 11.Nxf3 c5 12.Be3 cxd4 13.Nxd4 Rxf1+ 14.Kxf1 Nc6 15.cxd5
Nxd4 16.Qxd4 Bf6 17.Qd2 Qf8 18.Kg1 exd5 19.Qxd5+ Kh8 20.Bd4 Qe7 21.Bxf6 Qxf6
22.Rf1 Be6 23.Qxb7 Qd4+ 24.Kh1 Rd8 25.Qe7 Bxa2 26.h3 Bg8 27.Kh2 Rb8 28.b4 Qxb4
29.Qxb4 Rxb4 30.Ra1 Rb2 31.Bf3 Ra2 32.Rc1 Ra5 {#d} 1/2-1/2

[Event "2nd Hampstead Under 2200 Congress November 2012"]
[Site "London, England"]
[Date "2012.11.24"]
[Round "3"]
[White "Prior,Stephen"]
[Black "Dixit,Kumar"]
[Result "1-0"]
[WhiteElo "1993"]
[BlackElo "1885"]

1.e4 c6 2.d4 d5 3.e5 c5 4.dxc5 e6 5.Be3 Nd7 6.Bb5 Qc7 7.Nf3 Bxc5 8.Bxc5 Qxc5
9.Nc3 Ne7 10.O-O a6 11.Bd3 Ng6 12.Re1 b5 13.Qd2 Bb7 14.Rad1 Rc8 15.Bxg6 hxg6
16.Ne4 dxe4 17.Qxd7+ Kf8 18.Qxb7 exf3 19.Rd7 Ke8 20.b4 {#r} 1-0

[Event "2nd Hampstead Under 2200 Congress November 2012"]
[Site "London, England"]
[Date "2012.11.24"]
[Round "3"]
[White "Oyama,Akito"]
[Black "Rogers,Tim"]
[Result "1-0"]
[WhiteElo "1866"]
[BlackElo "1986"]

1.e4 c6 2.Nf3 d5 3.Nc3 Bg4 4.h3 Bh5 5.exd5 cxd5 6.Bb5+ Nc6 7.g4 Bg6 8.Ne5 Rc8
9.d4 e6 10.Qe2 Bb4 11.h4 Nge7 12.h5 Be4 13.f3 O-O 14.Nxc6 Nxc6 15.Be3 Qf6
16.fxe4 Nxd4 17.Bxd4 Qxd4 18.Rd1 Bxc3+ 19.bxc3 Qxc3+ 20.Kf1 dxe4 21.Qxe4 Qxc2
22.Qxc2 Rxc2 23.a4 a6 24.Be2 Ra2 25.Rd4 Rc8 26.Kf2 b5 27.axb5 axb5 28.Rhd1
Raa8 29.Bxb5 h6 30.Rd7 Rab8 31.Bd3 Rf8 32.Ke3 Rbc8 33.Be4 Rb8 34.Ra1 Rbd8
35.Raa7 Rxd7 36.Rxd7 Rc8 37.Kd4 Kf8 38.Ke5 Ke8 39.Kd6 Rc4 40.Ra7 Rd4+ 41.Ke5
Rd8 42.Bc6+ Kf8 43.Ra8 Rxa8 44.Bxa8 Kg8 45.Be4 Kh8 46.Kd6 f5 47.gxf5 exf5
48.Bxf5 {#r} 1-0

[Event "2nd Hampstead Under 2200 Congress November 2012"]
[Site "London, England"]
[Date "2012.11.24"]
[Round "3"]
[White "Crichton,Martin"]
[Black "Georgiev,Ivan"]
[Result "1-0"]
[WhiteElo "1976"]
[BlackElo "1764"]

1.e4 c5 2.Nc3 Nc6 3.g3 g6 4.Bg2 Bg7 5.d3 e6 6.Be3 d6 7.Nge2 Nge7 8.Qd2 e5
9.O-O O-O 10.h3 Nd4 11.Nd1 Nxe2+ 12.Qxe2 Rb8 13.c3 Nc6 14.Qd2 b5 15.f4 exf4
16.gxf4 b4 17.f5 bxc3 18.bxc3 Re8 19.Rc1 Qa5 20.Bh6 Be5 21.f6 Re6 22.Bg7 Qd8
23.Qg5 Ba6 24.Ne3 Bxd3 25.Ng4 Bxf6 26.Bxf6 Rxf6 27.Nxf6+ Kg7 28.Rf3 Ne5 29.Rf2
Bc4 30.Bf1 Be6 31.Nh5+ Kg8 32.Qxd8+ Rxd8 33.Nf4 Bd7 34.Rd1 Bc6 35.Nd5 Kg7
36.c4 h5 37.Be2 h4 38.Rb1 Bxd5 39.cxd5 Rd7 40.Bg4 Rc7 41.Rfb2 c4 42.Be2 c3
43.Rc2 Rc5 44.Rb3 f5 45.Rbxc3 Ra5 46.exf5 gxf5 47.Bc4 f4 48.Bb3 Kf6 49.Rf2 Kg5
50.Rg2+ Kf6 51.Rc8 Rb5 52.Rf8+ Ke7 53.Rxf4 {#r} 1-0

[Event "2nd Hampstead Under 2200 Congress November 2012"]
[Site "London, England"]
[Date "2012.11.24"]
[Round "3"]
[White "Pein,Jonathan"]
[Black "Hayward,Alan"]
[Result "0-1"]
[WhiteElo "1854"]
[BlackElo "1947"]

1.e4 d5 2.exd5 Nf6 3.d4 Bg4 4.Nf3 Nxd5 5.c4 Nb6 6.c5 N6d7 7.Bc4 e6 8.h3 Bh5
9.O-O Nc6 10.d5 Bxf3 11.Qxf3 Nce5 12.Qe2 Nxc4 13.dxe6 Nde5 14.f4 Bxc5+ 15.Kh2
Qd3 16.exf7+ Kf8 17.Qe1 Nxf7 18.Rf3 Qd4 19.Nd2 Re8 {#R} 0-1

[Event "2nd Hampstead Under 2200 Congress November 2012"]
[Site "London, England"]
[Date "2012.11.24"]
[Round "3"]
[White "O'Molloy,Eamonn"]
[Black "Jain,Gautam"]
[Result "1-0"]
[WhiteElo "1938"]
[BlackElo "1677"]

1.e4 e5 2.Nf3 Nc6 3.Nc3 Nf6 4.d4 exd4 5.Nxd4 Bb4 6.Nxc6 bxc6 7.Bd3 d5 8.exd5
cxd5 9.O-O O-O 10.Bg5 c6 11.Na4 Be6 12.c3 Be7 13.Qc2 h6 14.Bf4 Bd6 15.Bxd6
Qxd6 16.h3 Rfe8 17.Rfe1 Re7 18.c4 Rae8 19.Rad1 Qc7 20.cxd5 Nxd5 21.Qd2 Nf4
22.Bb1 Rd7 23.Qc2 g6 24.Rxd7 Qxd7 25.Nc5 Qd8 26.Nxe6 Rxe6 27.Rxe6 Nxe6 28.Qd3
Qb6 29.b3 Qc5 30.Qe3 Qd5 31.Be4 Qd1+ 32.Kh2 Qd6+ 33.g3 Nc5 34.Bg2 Kg7 35.Qc3+
f6 36.b4 Nd3 37.Qd2 Qd4 38.Bxc6 Qxf2+ 39.Qxf2 Nxf2 40.a4 Kf8 41.b5 Ke7 42.Kg2
Nd3 43.a5 Kd6 44.Be4 Ne5 45.b6 axb6 46.axb6 Nd7 47.b7 Kc7 48.Kf3 Nc5 49.b8=Q+
Kxb8 50.Bxg6 Kc7 51.Kg4 Kd7 52.Bf5+ Ke7 53.Kh5 Kf8 54.Kxh6 Kg8 55.Kg6 Nb7
56.Kxf6 Nd8 57.Ke7 Nc6+ 58.Kf6 Nd8 {#r} 1-0

[Event "2nd Hampstead Under 2200 Congress November 2012"]
[Site "London, England"]
[Date "2012.11.24"]
[Round "3"]
[White "Lees,Fraser"]
[Black "Lim,Mark"]
[Result "1-0"]
[WhiteElo "1825"]
[BlackElo "1891"]

1.e4 e6 2.d4 d5 3.e5 c5 4.c3 Nc6 5.Nf3 Bd7 6.g3 Nge7 7.Bh3 Ng6 8.O-O Be7 9.Be3
Rc8 10.Bg2 Qb6 11.Qd2 cxd4 12.cxd4 Na5 13.Na3 Bxa3 14.bxa3 O-O 15.Rab1 Qa6
16.h4 Ne7 17.Bg5 Nec6 18.Bf6 Kh8 19.Qh6 gxf6 20.Qxf6+ Kg8 21.Ng5 Qd3 22.Be4
Qxe4 23.Nxe4 dxe4 24.h5 h6 25.Qxh6 Nxd4 26.Kg2 Nf5 27.Qf6 Kh7 28.g4 Nh6 29.g5
Ng8 30.g6+ Kh6 31.Qh8+ Kg5 32.Kh3 fxg6 33.Rg1+ Kf5 34.Qg7 Kf4 35.Qxd7 gxh5
36.Qd2+ Kxe5 37.Qxa5+ Kd4 38.Rgd1+ Kc4 39.Qb4# {#r} 1-0

[Event "2nd Hampstead Under 2200 Congress November 2012"]
[Site "London, England"]
[Date "2012.11.24"]
[Round "3"]
[White "Haridas,Girinath"]
[Black "Altman,Joshua"]
[Result "1-0"]
[WhiteElo "1765"]
[BlackElo "1570"]

1.d4 Nf6 2.c4 g6 3.Nc3 Bg7 4.e4 d6 5.f4 O-O 6.Nf3 Nbd7 7.Be2 b6 8.O-O Bb7 9.d5
Nc5 10.Qc2 a5 11.Be3 e6 12.Rad1 exd5 13.cxd5 Re8 14.Bxc5 bxc5 15.Bc4 Ng4
16.Qd3 Bc8 17.h3 Nh6 18.Rfe1 Rb8 19.b3 Bd7 20.Nb5 Rb6 21.a4 Kh8 22.Kh2 Rf8
23.Qd2 Bxb5 24.Bxb5 Qa8 25.e5 Nf5 26.g4 Nh6 27.Kg3 Kg8 28.e6 fxe6 29.dxe6 c6
30.e7 Re8 31.Qxd6 Nf7 32.Bc4 Qc8 33.Ng5 {#r} 1-0

[Event "2nd Hampstead Under 2200 Congress November 2012"]
[Site "London, England"]
[Date "2012.11.24"]
[Round "3"]
[White "Oyama,Haronobu"]
[Black "Herschmann,Heinz"]
[Result "1-0"]
[WhiteElo "1602"]
[BlackElo "1410"]

1.e4 e5 2.Nf3 d6 3.d4 exd4 4.Nxd4 Nf6 5.Nc3 Be7 6.Bd3 Bd7 7.Qf3 Nc6 8.Nf5 Bxf5
9.Qxf5 Ne5 10.Bb5+ c6 11.Ba4 O-O 12.Be3 a5 13.Bb3 b5 14.a3 a4 15.Ba2 g6 16.Qh3
Qd7 17.Qxd7 Nexd7 18.O-O-O Ne5 19.h3 Kg7 20.f4 Ned7 21.g4 Kg8 22.f5 Kg7 23.g5
Nh5 24.f6+ Ndxf6 25.gxf6+ Nxf6 26.Bd4 Kg8 27.Bxf6 Bxf6 28.Rxd6 Bxc3 29.bxc3 c5
30.Bd5 Rad8 31.Rb6 Rb8 32.Rf6 b4 33.Rhf1 b3 34.cxb3 axb3 35.Kb2 Kg7 36.Rxf7+
Rxf7 37.Rxf7+ Kh6 38.Rc7 Rb6 39.Rxc5 {#r} 1-0

[Event "2nd Hampstead Under 2200 Congress November 2012"]
[Site "London, England"]
[Date "2012.11.24"]
[Round "3"]
[White "Anilkumar,Anantha P."]
[Black "Smith,Daniel"]
[Result "1-0"]
[WhiteElo "1561"]
[BlackElo "1000"]

1.e4 e5 2.Nf3 Nc6 3.d4 Nf6 4.dxe5 Nxe4 5.Bc4 g6 6.Qd5 Qe7 7.Qxe4 Bg7 8.O-O
Nxe5 9.Nxe5 Bxe5 10.Re1 d6 11.Nc3 Bf5 12.Qe2 O-O 13.Bf4 Rae8 14.Nd5 Qd7
15.Bxe5 dxe5 16.Nf6+ Kg7 17.Nxd7 Bxd7 18.Rad1 Re7 19.f4 Rfe8 20.fxe5 h5 21.h3
a6 22.Qf3 b5 23.Qf6+ Kh7 24.Bxf7 {#r} 1-0

[Event "2nd Hampstead Under 2200 Congress November 2012"]
[Site "London, England"]
[Date "2012.11.24"]
[Round "4"]
[White "Lyell,Mark"]
[Black "Muter,Donny"]
[Result "1-0"]
[WhiteElo "2194"]
[BlackElo "2199"]

1.e4 d6 2.d4 Nf6 3.Nc3 e5 4.dxe5 dxe5 5.Qxd8+ Kxd8 6.Bc4 Be6 7.Bxe6 fxe6 8.Be3
Bd6 9.O-O-O Ke7 10.f3 Nbd7 11.Nh3 a6 12.Rhe1 Rhf8 13.Nf2 h6 14.Nb1 Nh5 15.Nd3
g5 16.Nd2 Rg8 17.g4 Nf4 18.Bxf4 gxf4 19.h4 b5 20.Kb1 Nc5 21.Nb3 Nb7 22.Rc1 c5
23.c4 Rac8 24.Rc2 Rc6 25.Rec1 Rgc8 26.a3 R6c7 27.Ka2 Kf6 28.Rg1 Rg8 29.Kb1 Be7
30.Nf2 Kf7 31.Nd3 Kf6 32.g5+ hxg5 33.hxg5+ Rxg5 34.Rxg5 Kxg5 35.Nxe5 Kh4
36.Rg2 Bf6 37.Ng4 Kh3 38.Rg1 bxc4 39.Nxc5 Nxc5 40.Nxf6 Nb3 41.Rg4 Nd2+ 42.Kc2
Nxf3 43.Rxf4 Nd4+ {#t} 1-0

[Event "2nd Hampstead Under 2200 Congress November 2012"]
[Site "London, England"]
[Date "2012.11.24"]
[Round "4"]
[White "Eden,Tomer"]
[Black "Prior,Stephen"]
[Result "0-1"]
[WhiteElo "2178"]
[BlackElo "1993"]

1.d4 d5 2.Nf3 Nf6 3.c4 c6 4.Qc2 g6 5.Bf4 Bg7 6.e3 O-O 7.h3 Nbd7 8.Nc3 a6
9.cxd5 cxd5 10.Be2 b5 11.a4 b4 12.Na2 a5 13.Bc7 Qe8 14.Nc1 Ne4 15.Nb3 e5
16.O-O exd4 17.exd4 Ndf6 18.Bxa5 Bf5 19.Qd1 Qe7 20.Ne5 Rfc8 21.Bb5 Nh5 22.Nc6
Qh4 23.Bxb4 Bxh3 24.Qf3 Ng5 25.Qxd5 Nf4 26.g3 Qg4 27.Ne7+ Kh8 28.Bd7 Nf3+ {#R}
0-1

[Event "2nd Hampstead Under 2200 Congress November 2012"]
[Site "London, England"]
[Date "2012.11.24"]
[Round "4"]
[White "Atako,Chino"]
[Black "Coates,David"]
[Result "1/2-1/2"]
[WhiteElo "2110"]
[BlackElo "2085"]

1.e4 c5 2.Nc3 Nc6 3.Nf3 g6 4.d4 cxd4 5.Nxd4 Bg7 6.Be3 d6 7.Bb5 Bd7 8.O-O Nf6
9.Be2 O-O 10.h3 Nxd4 11.Bxd4 Bc6 12.f3 Qa5 13.Nd5 e5 14.Bc3 Qd8 15.Nxf6+ Qxf6
16.Qd3 Rfd8 17.Rad1 h5 18.Rfe1 Rac8 19.Bb4 Bf8 20.Qa3 a6 21.Rd2 Bd7 22.Red1
Be6 23.Bxd6 Bxd6 24.Rxd6 Rxd6 25.Qxd6 Rxc2 26.Qb8+ Kg7 27.Qxb7 Bxa2 28.Qb4 Be6
29.Qb6 Qg5 30.b4 Ra2 31.Qa7 {#d} 1/2-1/2

[Event "2nd Hampstead Under 2200 Congress November 2012"]
[Site "London, England"]
[Date "2012.11.24"]
[Round "4"]
[White "Bonafont,Philip"]
[Black "O'Molloy,Eamonn"]
[Result "1/2-1/2"]
[WhiteElo "2072"]
[BlackElo "1938"]

1.d4 d5 2.Nf3 Nf6 3.c4 e6 4.Nc3 Be7 5.Bg5 O-O 6.e3 Nbd7 7.cxd5 exd5 8.Qc2 c6
9.Bd3 Re8 10.O-O Nf8 11.h3 Be6 12.Ne5 N6d7 13.Bxe7 Rxe7 14.f4 f6 15.Nf3 Bf7
16.Rae1 Nb6 17.b3 Qc7 18.Nd1 Rae8 19.Nh4 Nc8 20.Nf5 Re6 21.b4 Qb6 22.a3 Nd6
23.Nxd6 Rxd6 24.Qc5 Rde6 25.Re2 Nd7 26.Qc2 Nf8 27.Rfe1 a6 28.Nc3 R6e7 29.Na4
Qc7 30.Nc5 Bg6 31.Bxg6 Nxg6 32.Nd3 Re4 33.Nc5 R4e7 34.g3 Qc8 35.Kg2 Nf8 36.Qd3
Nd7 37.Qb3 Kh8 38.Nxd7 Qxd7 39.Qd3 {#d} 1/2-1/2

[Event "2nd Hampstead Under 2200 Congress November 2012"]
[Site "London, England"]
[Date "2012.11.24"]
[Round "4"]
[White "Lees,Fraser"]
[Black "Crichton,Martin"]
[Result "1-0"]
[WhiteElo "1825"]
[BlackElo "1976"]

1.e4 c6 2.d4 d5 3.e5 c5 4.c3 Nc6 5.Nf3 Bg4 6.Bb5 e6 7.O-O a6 8.Bxc6+ bxc6
9.Qa4 Qc7 10.Nbd2 c4 11.b3 cxb3 12.axb3 Ne7 13.Ba3 Ng6 14.Bxf8 Nxf8 15.c4 Bxf3
16.Nxf3 Nd7 17.cxd5 cxd5 18.Rfc1 Qb7 19.Qa3 a5 20.Qd6 Ra6 21.Rc7 Rxd6 22.Rxb7
Rc6 23.g3 Ke7 24.Rxa5 Rb8 25.Rxb8 Nxb8 26.Ra7+ Nd7 27.Ng5 h6 28.Nxf7 Rb6
29.Nd6 Rxb3 30.Ra8 Rb8 31.Rxb8 Nxb8 32.Kg2 Nc6 33.Nb5 Kd7 34.Kf3 Ne7 35.g4 Nc6
36.Ke3 g5 37.f4 gxf4+ 38.Kxf4 Ke7 39.g5 hxg5+ 40.Kxg5 Kf7 41.h4 Ne7 42.h5 Nf5
43.Nd6+ {#r} 1-0

[Event "2nd Hampstead Under 2200 Congress November 2012"]
[Site "London, England"]
[Date "2012.11.24"]
[Round "4"]
[White "Hayward,Alan"]
[Black "Haridas,Girinath"]
[Result "1/2-1/2"]
[WhiteElo "1947"]
[BlackElo "1765"]

1.d4 Nf6 2.Nc3 d5 3.Bg5 Nbd7 4.Nf3 g6 5.e3 Bg7 6.Bd3 O-O 7.O-O c6 8.Re1 h6
9.Bh4 c5 10.e4 cxd4 11.Nxd5 Nxd5 12.exd5 g5 13.Bg3 Nb6 14.Be5 Nxd5 15.Bxg7
Kxg7 16.Qe2 Bg4 17.Qe5+ f6 18.Qe4 f5 19.Qxd4+ Nf6 20.Qxd8 Raxd8 21.Rxe7+ Rf7
22.Rxf7+ Kxf7 23.Ne5+ Kg7 24.Nxg4 fxg4 25.Re1 Kf8 26.Kf1 b6 27.Re6 Kf7 28.Bc4
Kg6 29.Ke2 Rd4 30.Bb3 Kf5 31.c3 Rd7 32.Re3 Ne4 33.Be6+ Kxe6 34.Rxe4+ Kf5
35.Rd4 Rxd4 36.cxd4 Ke4 37.d5 Kxd5 38.f3 gxf3+ 39.Kxf3 h5 40.h4 gxh4 41.Kf4
Kd4 42.Kg5 Ke3 43.Kxh4 Kf2 44.g3 Kf3 45.b4 b5 46.Kh3 {#d} 1/2-1/2

[Event "2nd Hampstead Under 2200 Congress November 2012"]
[Site "London, England"]
[Date "2012.11.24"]
[Round "4"]
[White "Dixit,Kumar"]
[Black "Pattni,Kishan"]
[Result "1-0"]
[WhiteElo "1885"]
[BlackElo "1733"]

1.d4 f5 2.Nf3 e6 3.c4 Nf6 4.Bg5 d6 5.Nc3 Be7 6.Bxf6 Bxf6 7.e4 Nd7 8.Bd3 fxe4
9.Bxe4 e5 10.O-O exd4 11.Nxd4 Bxd4 12.Qxd4 Qf6 13.Qe3 O-O 14.Nd5 Qd8 15.Ne7+
Kh8 16.Bxh7 Re8 17.Qh3 Nf8 18.Bf5+ {#r} 1-0

[Event "2nd Hampstead Under 2200 Congress November 2012"]
[Site "London, England"]
[Date "2012.11.24"]
[Round "4"]
[White "Rogers,Tim"]
[Black "Giles,Yasmin"]
[Result "1/2-1/2"]
[WhiteElo "1986"]
[BlackElo "1827"]

1.e4 c6 2.Nf3 d5 3.Nc3 dxe4 4.Nxe4 Nf6 5.Nxf6+ gxf6 6.d4 Bg4 7.Be2 e6 8.h3 Bh5
9.Bf4 Bd6 10.Qd2 Qc7 11.Bxd6 Qxd6 12.O-O-O Nd7 13.Rhe1 Bg6 14.Nh4 O-O-O 15.Bg4
Nb6 16.f4 Nc4 17.Qf2 Qb4 18.c3 Qa5 19.f5 Qxa2 20.Qc2 Qa1+ 21.Qb1 Qxb1+ 22.Kxb1
exf5 23.Bxf5+ Kb8 24.Re7 Nd6 25.Bc2 Rhe8 26.Rde1 Rxe7 27.Rxe7 Bxc2+ 28.Kxc2
Kc8 29.Re2 Re8 30.Rf2 Re6 31.Kd3 Kd7 32.Nf5 c5 33.c4 Nxf5 34.Rxf5 cxd4 35.b4
h6 36.Rh5 f5 37.Rxf5 Ke7 38.Kxd4 Rd6+ 39.Rd5 Rxd5+ 40.Kxd5 {#d} 1/2-1/2

[Event "2nd Hampstead Under 2200 Congress November 2012"]
[Site "London, England"]
[Date "2012.11.24"]
[Round "4"]
[White "Lim,Mark"]
[Black "Anilkumar,Anantha P."]
[Result "0-1"]
[WhiteElo "1891"]
[BlackElo "1561"]

1.c4 Nf6 2.g3 g6 3.Bg2 Bg7 4.Nc3 c5 5.e3 O-O 6.Nge2 Nc6 7.O-O e6 8.d4 cxd4
9.exd4 d5 10.cxd5 Nxd5 11.Nxd5 exd5 12.Qb3 Bg4 13.f3 Nxd4 14.Nxd4 Bxd4+ 15.Kh1
Be6 16.Bh6 Re8 17.Rfd1 Qf6 18.Rab1 Bf5 19.Rxd4 Bxb1 20.Rd1 Bf5 21.g4 g5
22.Bxg5 Qxg5 23.gxf5 Qxf5 24.Rg1 Kh8 25.Bh3 Qe5 26.Qxb7 Rab8 27.Qxf7 Rxb2
28.f4 Qe7 29.Qxd5 Qe4+ 30.Bg2 Rxg2 31.Qxe4 Rxg1+ {#R} 0-1

[Event "2nd Hampstead Under 2200 Congress November 2012"]
[Site "London, England"]
[Date "2012.11.24"]
[Round "4"]
[White "Jain,Gautam"]
[Black "Pein,Jonathan"]
[Result "0-1"]
[WhiteElo "1677"]
[BlackElo "1854"]

1.e4 g6 2.Nc3 Bg7 3.f4 e6 4.Bc4 Ne7 5.d3 d5 6.Bb3 c5 7.Nf3 b5 8.Nxb5 Qa5+ 9.c3
O-O 10.Na3 Ba6 11.O-O dxe4 12.Ng5 Bxd3 13.Re1 Rd8 14.Qg4 h5 15.Qh3 Nbc6
16.Bxe6 Rf8 17.Bb3 Bd4+ 18.Be3 Bxe3+ 19.Qxe3 Nf5 20.Qh3 c4 21.Nxc4 Bxc4
22.Bxc4 Qc5+ 23.Kh1 Qxc4 24.g4 Ng7 25.f5 Qd3 26.Re3 Qd5 27.Nxe4 hxg4 28.Qg2
Nh5 29.fxg6 f5 30.Ng3 Qxg2+ 31.Kxg2 f4 32.Re6 fxg3 33.Rxc6 Rf2+ 34.Kg1 Rxh2
35.Rf1 Rf8 36.Rxf8+ Kxf8 {#R} 0-1

[Event "2nd Hampstead Under 2200 Congress November 2012"]
[Site "London, England"]
[Date "2012.11.24"]
[Round "4"]
[White "Byrne,Ken"]
[Black "O'Gorman,Brendan"]
[Result "0-1"]
[WhiteElo "1100"]
[BlackElo "1796"]

1.c4 e5 2.g3 c6 3.Bg2 d5 4.cxd5 cxd5 5.d3 Nf6 6.Bg5 Bb4+ 7.Nc3 Nc6 8.Bxf6 gxf6
9.a3 Bxc3+ 10.bxc3 Be6 11.Nh3 Qd7 12.Ng1 Rc8 13.Qa4 O-O 14.d4 Qc7 15.e4 Nxd4
16.Rc1 dxe4 17.Bxe4 f5 18.Bb1 Bd5 19.f3 Bxf3 20.Nxf3 Nxf3+ 21.Ke2 e4 22.g4
Rfd8 23.gxf5 Rd2+ 24.Ke3 Qc5+ 25.Kf4 Qe5+ 26.Ke3 Rxc3+ 27.Rxc3 Qxc3+ 28.Kf4
Qe5+ 29.Ke3 Qxf5 30.Bxe4 Qg5+ 31.Kxf3 Qg2+ 32.Ke3 Qf2# {#R} 0-1

[Event "2nd Hampstead Under 2200 Congress November 2012"]
[Site "London, England"]
[Date "2012.11.24"]
[Round "4"]
[White "Georgiev,Ivan"]
[Black "Oyama,Haronobu"]
[Result "1-0"]
[WhiteElo "1764"]
[BlackElo "1602"]

1.e4 c5 2.Nf3 Nc6 3.Nc3 g6 4.d4 cxd4 5.Nxd4 Bg7 6.Nb3 e6 7.Be2 Nge7 8.O-O O-O
9.Bg5 f6 10.Bh4 d5 11.exd5 Nxd5 12.Nxd5 Qxd5 13.Qxd5 exd5 14.Bf3 Be6 15.Nc5
Bf5 16.Bxd5+ Kh8 17.c3 Rad8 18.Rad1 Bc2 19.Rd2 Bf5 20.Nxb7 Bh6 21.Nxd8 Rxd8
22.Bxf6+ Bg7 23.Bxd8 {#r} 1-0

[Event "2nd Hampstead Under 2200 Congress November 2012"]
[Site "London, England"]
[Date "2012.11.24"]
[Round "4"]
[White "Herschmann,Heinz"]
[Black "Hall, Dave"]
[Result "0-1"]
[WhiteElo "1410"]
[BlackElo "2010"]

1.e4 e6 2.d4 d5 3.exd5 exd5 4.Nf3 Nc6 5.Be2 Bd6 6.Be3 Nge7 7.O-O h6 8.c3 Be6
9.Re1 Qd7 10.g3 g5 11.Nfd2 O-O-O 12.Bh5 f5 13.Nf1 Kb8 14.Qe2 Rdf8 15.Bd2 Rf6
16.f3 f4 17.g4 Nd8 18.b4 Ng6 19.h3 Nh4 20.Nh2 Bf7 21.Na3 Bxh5 22.Nb5 Bg6
23.Nxd6 Rxd6 24.Qe7 Qxe7 25.Rxe7 Re8 26.Rxe8 Bxe8 27.Kf2 Re6 28.a4 Nf7 29.a5
Nd6 30.Re1 Rxe1 31.Bxe1 b6 32.a6 c5 33.Ke2 Bb5+ 34.Kd2 Ng2 35.Bf2 Nc4+ 36.Kc2
Nce3+ 37.Kc1 Bc4 38.Kd2 Bxa6 {#R} 0-1

[Event "2nd Hampstead Under 2200 Congress November 2012"]
[Site "London, England"]
[Date "2012.11.24"]
[Round "4"]
[White "Altman,Joshua"]
[Black "Smith,Daniel"]
[Result "1-0"]
[WhiteElo "1570"]
[BlackElo "1000"]

1.e4 e5 2.Nf3 Nc6 3.d4 d6 4.d5 Nce7 5.Bd3 Nf6 6.Bg5 Ng6 7.Nc3 h6 8.Bxf6 Qxf6
9.Bb5+ c6 10.dxc6 b6 11.Nd5 Qe6 12.Nc7+ Ke7 13.Nxe6 Kxe6 14.Qd5+ Ke7 15.c7 a6
16.Bc4 Be6 17.Qxa8 Bxc4 18.c8=N+ Kd7 19.Nxb6+ Ke7 20.Nxc4 Nf4 21.Qxa6 Kd7
22.O-O-O Be7 23.Nfxe5+ Ke6 {#r} 1-0

[Event "2nd Hampstead Under 2200 Congress November 2012"]
[Site "London, England"]
[Date "2012.11.25"]
[Round "5"]
[White "Prior,Stephen"]
[Black "Lyell,Mark"]
[Result "0-1"]
[WhiteElo "1993"]
[BlackElo "2194"]

1.e4 e5 2.Nf3 Nc6 3.Bb5 f5 4.d3 fxe4 5.dxe4 Nf6 6.O-O Bc5 7.Nc3 d6 8.Bg5 O-O
9.Nd5 Kh8 10.Qd3 Ne7 11.Ne3 Be6 12.Rad1 Qc8 13.c4 h6 14.Bxf6 Rxf6 15.Nd5 Nxd5
16.exd5 Bg4 17.Nh4 Bxd1 18.Qxd1 g5 19.Nf3 Qg4 20.h3 Qf5 21.Ba4 Raf8 22.Bc2 Qd7
23.Qd3 R8f7 24.Re1 Rxf3 25.gxf3 Qxh3 26.f4 Qg4+ 27.Kh1 Qh4+ {#R} 0-1

[Event "2nd Hampstead Under 2200 Congress November 2012"]
[Site "London, England"]
[Date "2012.11.25"]
[Round "5"]
[White "Warman,Simon"]
[Black "Atako,Chino"]
[Result "1/2-1/2"]
[WhiteElo "2071"]
[BlackElo "2110"]

1.e4 c5 2.f4 d5 3.Bb5+ Nc6 4.exd5 Qxd5 5.Qe2 a6 6.Nc3 Qd6 7.Ne4 Qc7 8.Bxc6+
Qxc6 9.Nf3 Nf6 10.d3 Bg4 11.O-O e6 12.Nxf6+ gxf6 13.h3 Bxf3 14.Qxf3 Qxf3
15.Rxf3 f5 16.Bd2 Bg7 17.Kf1 O-O-O 18.c3 Rd7 19.Ke2 Rhd8 20.Rd1 b6 21.c4 Kc7
22.b3 Bd4 23.Rg3 Bf6 24.a4 Kc6 25.Rf3 Rb8 26.Kf1 Rbd8 27.Be1 b5 28.cxb5+ axb5
29.Ke2 bxa4 30.bxa4 Ra8 31.a5 Rb7 32.g4 Rb2+ 33.Rd2 Rab8 34.gxf5 exf5 35.Kf1
Rb1 36.Re2 Bh4 37.Rfe3 Rg8 38.Re5 Rg3 39.Rxf5 Rxd3 40.Rh5 Bg3 41.Rg5 Bxf4
42.Rf5 Bg3 43.Rxf7 Rdd1 44.Rfe7 Rxe1+ 45.Rxe1 Rxe1+ 46.Rxe1 Bxe1 47.Kxe1 Kb5
48.Kd2 Kxa5 49.Kc3 Kb5 50.Kb3 c4+ 51.Kc3 Kc5 52.h4 h5 53.Kc2 Kd4 54.Kd2 Ke4
55.Kc3 Kf4 56.Kxc4 Kg4 57.Kd3 Kxh4 58.Ke2 Kg3 59.Kf1 {#d} 1/2-1/2

[Event "2nd Hampstead Under 2200 Congress November 2012"]
[Site "London, England"]
[Date "2012.11.25"]
[Round "5"]
[White "Muter,Donny"]
[Black "Lees,Fraser"]
[Result "0-1"]
[WhiteElo "2199"]
[BlackElo "1825"]

1.d4 g6 2.e4 Bg7 3.Nc3 c6 4.f4 d5 5.e5 Qb6 6.Nf3 h5 7.Be2 Nh6 8.O-O Bg4 9.Na4
Qc7 10.h3 Bxf3 11.Bxf3 Nf5 12.Qd3 Nd7 13.b3 b5 14.Nc3 b4 15.Ne2 e6 16.a3 Bf8
17.axb4 Bxb4 18.c4 a5 19.Bb2 Qb6 20.Kh2 Be7 21.c5 Bxc5 22.dxc5 Nxc5 23.Bd4
Qxb3 24.Qd2 Qd3 25.Qxd3 Nxd3 26.Bb6 c5 27.Nc1 Nxf4 28.Bxc5 h4 29.Bd1 g5
30.Ba4+ Kd8 31.Rb1 Rc8 32.Bg1 d4 33.Rb7 Rc7 34.Rb8+ Rc8 35.Rxc8+ Kxc8 36.Bc2
Ng3 37.Rd1 Rd8 38.Bxd4 Nfe2 {#T} 0-1